Sổ tay từ ngữ phong tục tập quán về việc sinh, việc cưới, việc tang, việc giỗ người Kinh Việt Nam

Sổ tay từ ngữ phong tập tập quán về việc sinh, việc cưới, việc tang, việc giỗ người Kinh Việt Nam

Kaydedildi:
Detaylı Bibliyografya
Yazar: Ngô Văn Ban
Materyal Türü: Kitap
Dil:Vietnamese
Baskı/Yayın Bilgisi: H. Văn hóa thông tin 2013
Seri Bilgileri:ĐTTS ghi: Hội Văn nghệ dân gian Việt Nam
Konular:
Etiketler: Etiketle
Etiket eklenmemiş, İlk siz ekleyin!
Thư viện lưu trữ: Mạng thư viện Đại học Đà Nẵng
LEADER 01687nam a2200397 4500
001 000019581
003 16016
005 20140722110702.0
008 140620s2013 viesd
041 0 |a vie 
082 1 4 |a 390.09597  |b NG-B 
100 1 |a Ngô Văn Ban 
245 1 0 |a Sổ tay từ ngữ phong tục tập quán về việc sinh, việc cưới, việc tang, việc giỗ người Kinh Việt Nam  |c Ngô Văn Ban 
260 |a H.  |b Văn hóa thông tin  |c 2013 
300 |a 517 tr.  |c 21 cm. 
490 |a ĐTTS ghi: Hội Văn nghệ dân gian Việt Nam 
504 |a Thư mục tr.515-517 
520 3 |a Sổ tay từ ngữ phong tập tập quán về việc sinh, việc cưới, việc tang, việc giỗ người Kinh Việt Nam 
650 0 4 |a Văn học dân gian  |x Phong tục tập quán  |x Sổ Tay  |z Việt Nam 
653 |a Văn học dân gian 
653 |a Người Kinh 
653 |a Phong tục tập quán 
653 |a Từ ngữ 
653 |a Sổ Tay 
OWN |a LSP 
AVA |a UDN50  |b LNN  |d 390.09597 NG-B  |e available  |t Error 5001 Not defined in file expand_doc_bib_avail.  |f 1  |g 0  |h N  |i 0 
AVA |a UDN50  |b LSP  |d 390.09597 NG-B  |e available  |t Error 5001 Not defined in file expand_doc_bib_avail.  |f 1  |g 0  |h N  |i 0  |k 1 
999 |a From the UDN01 
AVA |a UDN50  |b LNN  |d 390.09597 NG-B  |e available  |t Error 5001 Not defined in file expand_doc_bib_avail.  |f 1  |g 0  |h N  |i 0 
AVA |a UDN50  |b LSP  |d 390.09597 NG-B  |e available  |t Error 5001 Not defined in file expand_doc_bib_avail.  |f 1  |g 0  |h N  |i 0  |k 1 
TYP |a Monograph 
TYP |a Printed language 
980 |a Mạng thư viện Đại học Đà Nẵng